Black's law dictionary: definitions of the terms and phrases of American and English jurisprudence; ancient and modern (Record no. 35974)

MARC details
000 -LEADER
fixed length control field 00603nam a2200157 a 4500
008 - FIXED-LENGTH DATA ELEMENTS--GENERAL INFORMATION
fixed length control field 120416s1979 ||||||||||||||||| || u
050 ## - LIBRARY OF CONGRESS CALL NUMBER
Classification number K 13 Bla
100 ## - MAIN ENTRY--PERSONAL NAME
Personal name Conolly, M. J. C
245 10 - TITLE STATEMENT
Title Black's law dictionary: definitions of the terms and phrases of American and English jurisprudence; ancient and modern
250 ## - EDITION STATEMENT
Edition statement 5th ed.
260 ## - PUBLICATION, DISTRIBUTION, ETC.
Place of publication, distribution, etc. St. Paul, Minn.
Name of publisher, distributor, etc. West Publishing
Date of publication, distribution, etc. 1979
300 ## - PHYSICAL DESCRIPTION
Extent xiv, 1511p.
350 ## - PRICE (NR) (BK AM CF MU VM SE) [OBSOLETE]
Price 0.00
700 ## - ADDED ENTRY--PERSONAL NAME
Personal name Black, Henry Campbell
995 ## - RECOMMENDATION 995 [LOCAL, UNIMARC FRANCE]
-- 0.00
-- CBU-MAIN LIBRARY (Kitwe)
-- 1
-- 11.95
-- 1
-- REFERENCE
-- Reference Collection
Holdings
Withdrawn status Lost status Source of classification or shelving scheme Damaged status Not for loan Home library Current library Shelving location Date acquired Total Checkouts Full call number Barcode Date last seen Price effective from Koha item type
          CBU-MAIN LIBRARY, KITWE. CBU-MAIN LIBRARY, KITWE.   11/30/2022   K 13 Bla 022538 11/30/2022 11/30/2022 MONOGRAPH